Państwa świata z literą L - Statystyki

Ogólne statystyki
  • Ten quiz został rozwiązany 2 095 razy
    1 996 od ostatniego zresetowania
  • Średni wynik to 41 z 54
Statystyki odpowiedzi
Państwa % Poprawnych
Litwa
95%
Luksemburg
91%
Libia
90%
Liechtenstein
90%
Liban
89%
Polska
89%
Albania
86%
Finlandia
86%
Islandia
86%
Liberia
85%
Algieria
84%
Irlandia
84%
Portugalia
84%
Australia
82%
Wielka Brytania
82%
Holandia
81%
Malezja
81%
Belgia
80%
Brazylia
80%
Laos
80%
Republika Południowej Afryki
80%
Kolumbia
78%
Lesotho
78%
Boliwia
77%
Republika Zielonego Przylądka
77%
Angola
76%
Nowa Zelandia
76%
Republika Środkowoafrykańska
76%
Chile
75%
Malediwy
75%
Mali
74%
Malta
74%
Tajlandia
74%
Belize
72%
Wyspy Salomona
72%
Demokratyczna Republika Konga
71%
Filipiny
71%
Wyspy Marshalla
71%
Senegal
69%
Wenezuela
69%
Izrael
68%
Palau
68%
Bangladesz
66%
Gwatemala
66%
Malawi
66%
Mongolia
66%
Saint Lucia
65%
Somalia
65%
Sierra Leone
64%
Sri Lanka
64%
Salwador
63%
Seszele
63%
Nepal
59%
Tuvalu
58%
Nie znaleziono quizów pasujących do podanych kryteriów
Rozkład punktacji
Procent ludzi z każdym wynikiem
Percentyl według liczby udzielonych odpowiedzi
Twoja historia wyników
Nie rozwiązałeś tego quizu od ostatniego zresetowania